000 00441nam a22001937a 4500
003 bpm
005 20260414104030.0
008 260414b |||||||| |||| 00| p spa d
020 _a9874380632
024 _aS. C. C. / M. C. y E. M.:
040 _aAR-CtUCP
041 _aspa
080 _aCDU
100 _aAcuña Ramón Luis
245 _aMirarte es ver el sol
650 _aLiteratura - Poesía
942 _cLIB
999 _c76633
_d76633